[Event "European Blitz Championship 2021"]
[Site "Katowice"]
[Date "2021.12.17"]
[Round "16.29"]
[White "Kacprzak, Karol"]
[Black "Andersen, Mads"]
[Result "0-1"]
[WhiteElo "2155"]
[BlackElo "2575"]
[Annotator "RC"]
[PlyCount "69"]
[EventDate "2021.12.17"]
[EventType "swiss"]
[EventCountry "POL"]
[SourceTitle "playchess.com"]
[Source "ChessBase"]
[SourceQuality "1"]

1. e4 e5 2. Nf3 Nc6 3. Bb5 Nge7 4. O-O g6 5. c3 a6 6. Ba4 Bg7 7. d4 exd4 8.
cxd4 b5 9. Bb3 O-O 10. Nc3 Na5 11. Bc2 d6 12. h3 c5 13. b3 cxd4 14. Nxd4 Bb7
15. Be3 Rc8 16. Qd2 Re8 17. Rad1 Qc7 18. Nce2 d5 19. Bf4 Qb6 20. e5 Nac6 21.
Qe3 Nxd4 22. Nxd4 Nc6 23. Nf5 Qxe3 24. Nxe3 Nxe5 25. Bb1 d4 26. Nc2 Nc6 27. a3
Rcd8 28. Nb4 Nxb4 29. axb4 Bf8 30. Bd2 Be4 31. Bxe4 Rxe4 32. Rfe1 f5 33. f3
Rxe1+ 34. Bxe1 Kf7 35. Bf2 0-1

[Event "European Blitz Championship 2021"]
[Site "Katowice"]
[Date "2021.12.17"]
[Round "16.29"]
[White "Goraj, Barbara"]
[Black "Kacprzak, Kacper"]
[Result "1-0"]
[WhiteElo "1902"]
[BlackElo "2245"]
[Annotator "NA"]
[PlyCount "72"]
[EventDate "2021.12.17"]
[EventType "swiss"]
[EventCountry "POL"]
[SourceTitle "playchess.com"]
[Source "ChessBase"]
[SourceQuality "1"]

1. Nf3 c5 2. c4 Nc6 3. g3 g6 4. Bg2 Bg7 5. O-O e6 6. Nc3 Nge7 7. b3 O-O 8. Bb2
d5 9. cxd5 exd5 10. Na4 Bxb2 11. Nxb2 b6 12. d4 cxd4 13. Nxd4 Nxd4 14. Qxd4 Be6
15. Rfd1 Nc6 16. Qf4 Rc8 17. Nd3 Qe7 18. Rd2 Rfd8 19. Ne5 Nb4 20. Ng4 Bxg4 21.
Qxg4 a5 22. Rad1 h5 23. Qd4 Rc5 24. Qb2 Rdc8 25. a3 Rc2 26. Qd4 Rxd2 27. Qxd2
Nc6 28. Bxd5 Rd8 29. e4 Qxa3 30. Qe2 Ne5 31. f4 Qc5+ 32. Qf2 Qxf2+ 33. Kxf2
Ng4+ 34. Ke2 Kg7 35. e5 Nxh2 36. Be4 Rxd1 1-0

[Event "European Blitz Championship 2021"]
[Site "Katowice"]
[Date "2021.12.17"]
[Round "16.30"]
[White "Pultinevicius, Paulius"]
[Black "Liodakis, Konstantinos-Spyros"]
[Result "1-0"]
[WhiteElo "2546"]
[BlackElo "2104"]
[Annotator "RC"]
[PlyCount "97"]
[EventDate "2021.12.17"]
[EventType "swiss"]
[EventCountry "POL"]
[SourceTitle "playchess.com"]
[Source "ChessBase"]
[SourceQuality "1"]

1. Nf3 Nf6 2. b3 g6 3. Bb2 Bg7 4. e3 O-O 5. d4 c5 6. dxc5 Qa5+ 7. c3 Qxc5 8.
Ba3 Qb6 9. Bxe7 Re8 10. Bxf6 Bxf6 11. Be2 Nc6 12. O-O d5 13. Nd4 Ne5 14. Nd2
Bd7 15. Rc1 Rac8 16. N2f3 Ng4 17. Qd2 h5 18. Rfd1 Bg7 19. c4 Nf6 20. cxd5 Rxc1
21. Rxc1 Nxd5 22. Bc4 Nf6 23. Ng5 Re7 24. Ndf3 Bc6 25. Nxf7 Ne4 26. N7g5+ Kh8
27. Nxe4 Bxe4 28. Ng5 Bf5 29. Qd5 Re8 30. Rd1 Qf6 31. h4 Rf8 32. Qxb7 Bc8 33.
Nf7+ Kh7 34. Qxa7 Qc6 35. Ng5+ Kh8 36. Rd8 Rxd8 37. Nf7+ Kh7 38. Nxd8 Qf6 39.
Nf7 Qxh4 40. Qb8 Qg4 41. f4 h4 42. Ng5+ Kh6 43. Qd6 Bb7 44. Bf1 Qf5 45. Qe6 Qf8
46. Nf7+ Kh7 47. Bd3 Qc5 48. Qxg6+ Kg8 49. Nh6+ 1-0

[Event "European Blitz Championship 2021"]
[Site "Katowice"]
[Date "2021.12.17"]
[Round "17.1"]
[White "Duda, Jan-Krzysztof"]
[Black "Durarbayli, Vasif"]
[Result "1-0"]
[WhiteElo "2756"]
[BlackElo "2629"]
[Annotator "TA"]
[PlyCount "111"]
[EventDate "2021.12.17"]
[EventType "swiss"]
[EventCountry "POL"]
[SourceTitle "playchess.com"]
[Source "ChessBase"]
[SourceQuality "1"]

1. e4 e5 2. Nf3 Nc6 3. Bb5 a6 4. Ba4 Nf6 5. O-O Be7 6. Re1 b5 7. Bb3 O-O 8. a4
Bb7 9. d3 d6 10. Bd2 Qd7 11. Nc3 Na5 12. Ba2 b4 13. Ne2 c5 14. Ng3 Rab8 15. Nf5
Bd8 16. h3 b3 17. Bxb3 Nxb3 18. cxb3 Bc6 19. Bc3 Ne8 20. Ne3 Nc7 21. Nc4 Ne6
22. Nxd6 f6 23. Nc4 Nf4 24. Re3 Bc7 25. Ba5 Rfd8 26. Rc1 Ba8 27. Rc3 Bxa5 28.
Nxa5 Qc7 29. Nc4 Rd7 30. Qc2 Qd8 31. Ne1 a5 32. Nd2 Ne6 33. Kh2 Bb7 34. Qd1 Ba6
35. Qg4 Rd6 36. g3 Qe7 37. f4 Rbd8 38. fxe5 fxe5 39. Nc4 Bxc4 40. Rxc4 Rb6 41.
Rc3 Rdb8 42. Rf3 Nd4 43. Rf2 Nxb3 44. Nf3 Nd4 45. Nxd4 exd4 46. Rcc2 h6 47. Qf5
Rf6 48. Qd5+ Kh8 49. Rxf6 Qxf6 50. Qxc5 Rf8 51. e5 Qf1 52. Qxd4 Qd1 53. Rf2
Rxf2+ 54. Qxf2 Qxd3 55. g4 Qe4 56. Qf8+ 1-0

[Event "European Blitz Championship 2021"]
[Site "Katowice"]
[Date "2021.12.17"]
[Round "17.1"]
[White "Bogdanov, Ignat"]
[Black "Kjartansson, Gudmundur"]
[Result "1/2-1/2"]
[WhiteElo "2116"]
[BlackElo "2382"]
[Annotator "NA"]
[PlyCount "158"]
[EventDate "2021.12.17"]
[EventType "swiss"]
[EventCountry "POL"]
[SourceTitle "playchess.com"]
[Source "ChessBase"]
[SourceQuality "1"]

1. d4 Nf6 2. c4 e6 3. Nc3 Bb4 4. Qc2 d5 5. cxd5 Qxd5 6. e3 c5 7. Nf3 O-O 8. Bd2
Bxc3 9. Bxc3 Nc6 10. dxc5 Qxc5 11. Bd3 Nb4 12. Bxb4 Qxb4+ 13. Qd2 Qxd2+ 14.
Kxd2 Rd8 15. Ke2 b6 16. Rac1 Bb7 17. Rc7 Rab8 18. a3 Nd5 19. Rc2 Kf8 20. Rhc1
g6 21. Nd4 Ne7 22. f3 a6 23. Nb3 Rd6 24. Nd2 Rbd8 25. Be4 Bd5 26. Bxd5 Rxd5 27.
e4 Rb5 28. Nf1 f5 29. exf5 Nxf5 30. Kf2 Rd7 31. Ne3 Nd4 32. Rd2 Ke7 33. Rcd1 e5
34. Nc4 Ke6 35. f4 Rf7 36. g3 g5 37. Nxe5 Rxe5 38. Rxd4 gxf4 39. Rxf4 Rxf4+ 40.
gxf4 Rb5 41. Rd2 Rb3 42. Ke2 Kf5 43. Kd1 Kxf4 44. Kc2 Rh3 45. Rd6 Rxh2+ 46. Kc3
b5 47. Rxa6 Rh5 48. a4 bxa4 49. Rxa4+ Ke3 50. b4 Rh1 51. Ra8 Rc1+ 52. Kb2 Rc7
53. Kb3 Kd4 54. Rh8 Rb7 55. Ka4 Kc4 56. Rc8+ Kd5 57. b5 Kd6 58. Ka5 Ra7+ 59.
Kb6 Ra1 60. Rd8+ Ke7 61. Rh8 Rh1 62. Kc7 Rc1+ 63. Kb7 Rh1 64. b6 Kd7 65. Rg8 h5
66. Rg7+ Ke6 67. Rh7 Kf5 68. Kc8 Kg6 69. Rc7 Rb1 70. b7 h4 71. b8=Q Rxb8+ 72.
Kxb8 Kf5 73. Rh7 Kg4 74. Kc7 h3 75. Kd6 Kg3 76. Ke5 h2 77. Ke4 Kg2 78. Rg7+ Kf2
79. Rh7 Kg2 1/2-1/2

[Event "European Blitz Championship 2021"]
[Site "Katowice"]
[Date "2021.12.17"]
[Round "17.2"]
[White "Teclaf, Pawel"]
[Black "Pakleza, Zbigniew"]
[Result "1/2-1/2"]
[WhiteElo "2543"]
[BlackElo "2496"]
[Annotator "ChessBase"]
[PlyCount "76"]
[EventDate "2021.12.17"]
[EventType "swiss"]
[EventCountry "POL"]
[SourceTitle "playchess.com"]
[Source "ChessBase"]
[SourceQuality "1"]

1. e4 d5 2. exd5 Nf6 3. c4 c6 4. Nc3 cxd5 5. d4 e6 6. Nf3 Bb4 7. cxd5 exd5 8.
Bd3 O-O 9. O-O Bg4 10. Bg5 Bxc3 11. bxc3 Nbd7 12. h3 Bh5 13. Re1 Qa5 14. Qb3
Bxf3 15. gxf3 h6 16. Bh4 Rfe8 17. Bb5 a6 18. Bd3 Rac8 19. Rxe8+ Rxe8 20. Bf5
Qc7 21. Bg3 Qc6 22. a4 Nb6 23. Qb4 Nc4 24. Kg2 Re2 25. Bd3 Rd2 26. Bxc4 dxc4
27. Rb1 Nd5 28. Qxb7 Qxb7 29. Rxb7 Nxc3 30. Rc7 Nd5 31. Rc6 a5 32. Rc5 Rxd4 33.
Rxa5 c3 34. Rc5 Rd2 35. a5 Ne3+ 36. Kh2 c2 37. a6 Nf1+ 38. Kg2 Ne3+ 1/2-1/2

[Event "European Blitz Championship 2021"]
[Site "Katowice"]
[Date "2021.12.17"]
[Round "17.2"]
[White "Zylka, Stanislaw"]
[Black "Spalir, Jernej"]
[Result "0-1"]
[WhiteElo "2143"]
[BlackElo "2368"]
[Annotator "NA"]
[PlyCount "98"]
[EventDate "2021.12.17"]
[EventType "swiss"]
[EventCountry "POL"]
[SourceTitle "playchess.com"]
[Source "ChessBase"]
[SourceQuality "1"]

1. e4 e5 2. Nf3 Nc6 3. Bc4 Bc5 4. c3 Nf6 5. d4 exd4 6. b4 Bb6 7. e5 d5 8. exf6
dxc4 9. Qe2+ Be6 10. b5 d3 11. Qe4 Nb8 12. fxg7 Rg8 13. Qxh7 f6 14. O-O Qe7 15.
Bh6 Nd7 16. Nbd2 O-O-O 17. Rae1 Qf7 18. Ne4 Bg4 19. Kh1 Qh5 20. Ng3 Qd5 21. Qe4
Bxf3 22. gxf3 Qf7 23. Nf5 Bc5 24. a4 Ne5 25. a5 Qd5 26. Be3 Qxe4 27. fxe4 Bxe3
28. Ne7+ Kd7 29. Nxg8 Rxg8 30. fxe3 Rxg7 31. Rxf6 Ng4 32. Rf3 Re7 33. h3 Ne5
34. Rf5 Ke6 35. Kg2 Rg7+ 36. Kf2 Rh7 37. Kg2 Rh4 38. Ref1 Rxe4 39. Rf6+ Ke7 40.
Rh6 Rxe3 41. a6 bxa6 42. Rxa6 d2 43. Rxa7 Re1 44. Ra1 Nd3 45. Rb1 Kd6 46. b6
cxb6 47. Rxb6+ Kc5 48. Rb1 Rxb1 49. Rxb1 Nc1 0-1

[Event "European Blitz Championship 2021"]
[Site "Katowice"]
[Date "2021.12.17"]
[Round "17.3"]
[White "Schneider, Ilja"]
[Black "Danielyan, Vahe"]
[Result "0-1"]
[WhiteElo "2486"]
[BlackElo "2332"]
[Annotator "ChessBase"]
[PlyCount "84"]
[EventDate "2021.12.17"]
[EventType "swiss"]
[EventCountry "POL"]
[SourceTitle "playchess.com"]
[Source "ChessBase"]
[SourceQuality "1"]

1. e4 e5 2. Nf3 Nc6 3. Nc3 Nf6 4. d4 exd4 5. Nxd4 Bb4 6. Nxc6 bxc6 7. Bd3 d5 8.
exd5 O-O 9. O-O cxd5 10. h3 Rb8 11. Qf3 c6 12. Bf4 Bd6 13. b3 Rb4 14. Bxd6 Qxd6
15. Rfe1 h6 16. Rad1 Rf4 17. Qg3 Nh5 18. Qe3 Rf6 19. Qe5 Qxe5 20. Rxe5 Nf4 21.
Re7 a6 22. Rde1 Nxd3 23. cxd3 Bf5 24. d4 Be6 25. Rc7 Rf4 26. Ne2 Re4 27. f3 Re3
28. Kf2 Rd3 29. Rxc6 Rd2 30. Rxa6 Rc8 31. b4 Rcc2 32. g4 Bd7 33. a4 f5 34. b5
Rb2 35. b6 f4 36. Ra7 Bc6 37. a5 Bb5 38. b7 Bxe2 39. Ra8+ Kh7 40. b8=Q Bb5+ 41.
Re2 Rxe2+ 42. Kf1 Rb1# 0-1

[Event "European Blitz Championship 2021"]
[Site "Katowice"]
[Date "2021.12.17"]
[Round "17.3"]
[White "Karolczuk, Iwo"]
[Black "Diermair, Andreas"]
[Result "1/2-1/2"]
[WhiteElo "2093"]
[BlackElo "2357"]
[Annotator "NA"]
[PlyCount "119"]
[EventDate "2021.12.17"]
[EventType "swiss"]
[EventCountry "POL"]
[SourceTitle "playchess.com"]
[Source "ChessBase"]
[SourceQuality "1"]

1. d4 Nf6 2. Nf3 d5 3. c4 e6 4. e3 b6 5. cxd5 exd5 6. Bd3 Bd6 7. b3 O-O 8. Ba3
c5 9. h3 Bb7 10. O-O Nbd7 11. dxc5 bxc5 12. Nc3 Rc8 13. Na4 Re8 14. Rc1 Qe7 15.
Re1 Nb6 16. Bf5 Rc7 17. Nxb6 axb6 18. Bb2 Ne4 19. Qc2 Ng5 20. Nxg5 Qxg5 21.
Bxh7+ Kh8 22. f4 Qg3 23. Bf5 Rce7 24. Qf2 Bxf4 25. Qxg3 Bxg3 26. Rf1 Rxe3 27.
Bg4 f6 28. Bf3 R8e7 29. Rcd1 d4 30. Bxb7 Rxb7 31. Bc1 Re4 32. Rf3 Bd6 33. Bd2
Ra7 34. a4 Kg8 35. Kf2 Rae7 36. Kf1 Kf7 37. Re1 Rxe1+ 38. Bxe1 Ke6 39. Bd2 Kd5
40. h4 Re4 41. g3 c4 42. bxc4+ Kxc4 43. a5 b5 44. h5 b4 45. h6 gxh6 46. Rxf6
Bxg3 47. a6 Re7 48. Rxh6 Rf7+ 49. Kg1 b3 50. Rb6 Be5 51. Ba5 d3 52. Rb4+ Kc5
53. Rxb3 Bd4+ 54. Kg2 Kc4 55. Rb4+ Kd5 56. Rb7 Rxb7 57. axb7 Be5 58. Kf3 Kc6
59. Ke3 Kxb7 60. Kxd3 1/2-1/2

[Event "European Blitz Championship 2021"]
[Site "Katowice"]
[Date "2021.12.17"]
[Round "17.4"]
[White "Klekowski, Maciej"]
[Black "Kosakowski, Jakub"]
[Result "1-0"]
[WhiteElo "2499"]
[BlackElo "2340"]
[Annotator "ChessBase"]
[PlyCount "83"]
[EventDate "2021.12.17"]
[EventType "swiss"]
[EventCountry "POL"]
[SourceTitle "playchess.com"]
[Source "ChessBase"]
[SourceQuality "1"]

1. c4 Nf6 2. Nc3 g6 3. d4 Bg7 4. e4 d6 5. h3 O-O 6. Be3 c5 7. d5 e6 8. Nf3 exd5
9. exd5 Re8 10. Bd3 Nbd7 11. O-O Nh5 12. Be2 f5 13. Bg5 Bf6 14. Qd2 Ne5 15.
Bxf6 Nxf3+ 16. Bxf3 Nxf6 17. Rfe1 Bd7 18. Rxe8+ Qxe8 19. a3 Qf8 20. b4 b6 21.
Qf4 Re8 22. Rb1 Qe7 23. bxc5 bxc5 24. g3 Qe5 25. Qxe5 Rxe5 26. Kg2 Re7 27. Rb7
f4 28. g4 h5 29. Rxa7 Kf8 30. Ra8+ Kf7 31. g5 Ne8 32. a4 Ng7 33. Be4 Bf5 34. f3
Rb7 35. Nb5 Ke7 36. a5 Bxe4 37. fxe4 h4 38. a6 Rb6 39. a7 Ra6 40. Rg8 Ra2+ 41.
Kf3 Ra3+ 42. Nxa3 1-0

[Event "European Blitz Championship 2021"]
[Site "Katowice"]
[Date "2021.12.17"]
[Round "17.4"]
[White "Piesik, Piotr"]
[Black "Skawinski, Arkadiusz"]
[Result "1-0"]
[WhiteElo "2336"]
[BlackElo "2184"]
[Annotator "NA"]
[PlyCount "81"]
[EventDate "2021.12.17"]
[EventType "swiss"]
[EventCountry "POL"]
[SourceTitle "playchess.com"]
[Source "ChessBase"]
[SourceQuality "1"]

1. Nf3 d5 2. g3 Nf6 3. Bg2 e6 4. O-O c5 5. d3 Nc6 6. Nbd2 Be7 7. e4 b5 8. Re1
O-O 9. e5 Nd7 10. c3 Qb6 11. Nf1 Bb7 12. h4 Rfc8 13. h5 h6 14. g4 Bf8 15. Ng3
d4 16. g5 Ne7 17. cxd4 cxd4 18. gxh6 gxh6 19. Nh4 Bxg2 20. Kxg2 Qc6+ 21. Kh2
Kh7 22. Bd2 Bg7 23. f4 Qd5 24. Bb4 Ng8 25. Ne4 Rc6 26. Nd6 f5 27. Rg1 Nxe5 28.
Rxg7+ Kxg7 29. fxe5 Qxe5+ 30. Kh3 Nf6 31. Qf3 Qe3 32. Nxb5 Qxf3+ 33. Nxf3 Rb6
34. a4 a6 35. Ba5 Rb7 36. Nbxd4 Kf7 37. Bc3 Ng4 38. Kg3 Rg8 39. Kf4 Rc7 40. Re1
Kf6 41. Rxe6+ 1-0

[Event "European Blitz Championship 2021"]
[Site "Katowice"]
[Date "2021.12.17"]
[Round "17.5"]
[White "Nasuta, Grzegorz"]
[Black "Demchenko, Anton"]
[Result "1/2-1/2"]
[WhiteElo "2377"]
[BlackElo "2655"]
[Annotator "RC"]
[PlyCount "47"]
[EventDate "2021.12.17"]
[EventType "swiss"]
[EventCountry "POL"]
[SourceTitle "playchess.com"]
[Source "ChessBase"]
[SourceQuality "1"]

1. e4 e5 2. Nf3 Nc6 3. Bc4 Nf6 4. d3 h6 5. Nc3 d6 6. a4 g6 7. O-O Bg7 8. h3 O-O
9. Re1 Be6 10. a5 a6 11. Nd5 Bxd5 12. Bxd5 Nxd5 13. exd5 Ne7 14. c4 f5 15. Bd2
g5 16. Rc1 Ng6 17. c5 Rf7 18. Qa4 Bf6 19. Qc4 h5 20. g4 Qd7 21. gxf5 Qxf5 22.
Qe4 Ne7 23. Qxf5 Nxf5 24. Rc4 1/2-1/2

[Event "European Blitz Championship 2021"]
[Site "Katowice"]
[Date "2021.12.17"]
[Round "17.5"]
[White "Koziorowicz, Michal"]
[Black "Jagodzinski, Piotr"]
[Result "1-0"]
[WhiteElo "2094"]
[BlackElo "2298"]
[Annotator "NA"]
[PlyCount "117"]
[EventDate "2021.12.17"]
[EventType "swiss"]
[EventCountry "POL"]
[SourceTitle "playchess.com"]
[Source "ChessBase"]
[SourceQuality "1"]

1. e4 c6 2. d4 d5 3. e5 Bf5 4. h4 h5 5. c4 e6 6. Nc3 Nd7 7. Nge2 a6 8. Ng3 Bg6
9. Bg5 Be7 10. Bxe7 Nxe7 11. Be2 Qb6 12. O-O Qxb2 13. Na4 Qa3 14. c5 Qb4 15. a3
Qa5 16. Qb3 Qc7 17. Ra2 Nf5 18. Nxf5 Bxf5 19. Rb2 Rb8 20. Bxa6 bxa6 21. Nb6 O-O
22. Rc1 Rb7 23. a4 a5 24. Qc3 Ra7 25. Qd2 f6 26. exf6 Nxf6 27. f3 e5 28. Re1 e4
29. Qg5 Nh7 30. Qxh5 Qf7 31. Qxf7+ Raxf7 32. f4 Nf6 33. g3 Bg4 34. Re3 Bf3 35.
Reb3 Ng4 36. Rb1 Rd8 37. Rf1 Re7 38. Rc3 Be2 39. Re1 Ba6 40. Kg2 e3 41. Kf3 Nf6
42. Rcxe3 Ne4 43. g4 Rde8 44. Kg2 Kf7 45. f5 Nf6 46. Rxe7+ Rxe7 47. Rb1 Re4 48.
Na8 Rxg4+ 49. Kf3 Rxd4 50. Rb8 Rd3+ 51. Kf4 Rd4+ 52. Ke5 Re4+ 53. Kd6 d4 54.
Kxc6 d3 55. Rd8 Re7 56. Nc7 Ne4 57. Ne6 Bb7+ 58. Kb6 d2 59. Rf8# 1-0

[Event "European Blitz Championship 2021"]
[Site "Katowice"]
[Date "2021.12.17"]
[Round "17.6"]
[White "Ustianovich, Nazar"]
[Black "Krzywda, Andrzej"]
[Result "1/2-1/2"]
[WhiteElo "2278"]
[BlackElo "2100"]
[Annotator "NA"]
[PlyCount "109"]
[EventDate "2021.12.17"]
[EventType "swiss"]
[EventCountry "POL"]
[SourceTitle "playchess.com"]
[Source "ChessBase"]
[SourceQuality "1"]

1. d4 Nf6 2. Nf3 c5 3. d5 b5 4. c4 b4 5. Qc2 d6 6. e4 g6 7. b3 Bg7 8. Bb2 O-O
9. Bd3 a5 10. Nbd2 Ra7 11. O-O e5 12. dxe6 Bxe6 13. Rad1 Nc6 14. e5 dxe5 15.
Nxe5 Nxe5 16. Bxe5 Rd7 17. Nf3 Bg4 18. Be2 Re8 19. Bxf6 Bxf6 20. Rxd7 Qxd7 21.
h3 Bf5 22. Qd1 Qe6 23. Bd3 Bxd3 24. Qxd3 Rd8 25. Qc2 Qd6 26. Re1 Kg7 27. g3 a4
28. bxa4 h5 29. h4 Qc6 30. Re3 Ra8 31. a3 Qxa4 32. Qxa4 Rxa4 33. axb4 cxb4 34.
Rb3 Bc3 35. Kf1 Ra2 36. c5 Ra5 37. c6 Rc5 38. Ne1 Rxc6 39. Nd3 Rb6 40. Ke2 f6
41. Nc5 Kf7 42. Na4 Rc6 43. Kd3 Be1 44. Ke2 Bc3 45. Kd3 Rd6+ 46. Ke3 Re6+ 47.
Kf3 Ra6 48. Nxc3 bxc3 49. Rxc3 Ra7 50. Rd3 Rb7 51. Re3 Ra7 52. Rd3 Rb7 53. Re3
Ra7 54. Rd3 Rb7 55. Re3 1/2-1/2

[Event "European Blitz Championship 2021"]
[Site "Katowice"]
[Date "2021.12.17"]
[Round "17.6"]
[White "Wieczorek, Oskar"]
[Black "Sadzikowski, Daniel"]
[Result "1-0"]
[WhiteElo "2258"]
[BlackElo "2525"]
[Annotator "ChessBase"]
[PlyCount "75"]
[EventDate "2021.12.17"]
[EventType "swiss"]
[EventCountry "POL"]
[SourceTitle "playchess.com"]
[Source "ChessBase"]
[SourceQuality "1"]

1. e4 c5 2. Nf3 d6 3. d4 cxd4 4. Nxd4 Nf6 5. Nc3 a6 6. f4 e5 7. Nf3 Nbd7 8. a4
Be7 9. Bd3 O-O 10. O-O Nc5 11. Kh1 d5 12. Nxe5 Nfxe4 13. Bxe4 dxe4 14. Be3 f6
15. Qxd8 Rxd8 16. Nc4 Be6 17. Nb6 Rab8 18. f5 Bf7 19. Rfd1 a5 20. Bxc5 Bxc5 21.
Nd7 Bb4 22. Nxb8 Rxb8 23. Nxe4 Bc4 24. Rd4 Ba6 25. Rad1 Re8 26. Rd8 Kf8 27.
Rxe8+ Kxe8 28. Nd6+ Ke7 29. Nb5 Bc5 30. c4 b6 31. b3 Bb7 32. Nc7 Bc8 33. g4 h5
34. h3 hxg4 35. hxg4 Bd7 36. Ne6 Bxe6 37. Re1 Kf7 38. Rxe6 1-0

[Event "European Blitz Championship 2021"]
[Site "Katowice"]
[Date "2021.12.17"]
[Round "17.7"]
[White "Sharankov, Grigory"]
[Black "Batashevs, Arsens"]
[Result "1-0"]
[WhiteElo "2238"]
[BlackElo "2091"]
[Annotator "NA"]
[PlyCount "57"]
[EventDate "2021.12.17"]
[EventType "swiss"]
[EventCountry "POL"]
[SourceTitle "playchess.com"]
[Source "ChessBase"]
[SourceQuality "1"]

1. c4 g6 2. Nc3 Bg7 3. Nf3 Nc6 4. e3 e5 5. d4 d6 6. h3 Nge7 7. Be2 O-O 8. b3 f5
9. Bb2 e4 10. Nd2 Nb8 11. Qc2 c6 12. d5 Nd7 13. dxc6 bxc6 14. O-O-O a5 15. f3
d5 16. g4 Nb6 17. fxe4 fxe4 18. Ndxe4 Qc7 19. Nc5 Qe5 20. e4 dxc4 21. N3a4 Qg5+
22. Kb1 Bxb2 23. Qxb2 Qf6 24. Qxf6 Rxf6 25. Nxb6 Rb8 26. Bxc4+ Kg7 27. Nxc8
Rxc8 28. Rd7 Kf8 29. Rf1 1-0

[Event "European Blitz Championship 2021"]
[Site "Katowice"]
[Date "2021.12.17"]
[Round "17.7"]
[White "Niedbala, Bartlomiej"]
[Black "Balog, Imre"]
[Result "1/2-1/2"]
[WhiteElo "2179"]
[BlackElo "2573"]
[Annotator "ChessBase"]
[PlyCount "93"]
[EventDate "2021.12.17"]
[EventType "swiss"]
[EventCountry "POL"]
[SourceTitle "playchess.com"]
[Source "ChessBase"]
[SourceQuality "1"]

1. Nf3 d5 2. g3 Nf6 3. Bg2 g6 4. c4 c6 5. b3 Bg7 6. Bb2 O-O 7. O-O a5 8. d3 Na6
9. Nbd2 a4 10. Bc3 b5 11. cxb5 cxb5 12. Rc1 b4 13. Be5 Bd7 14. Bd4 axb3 15.
Nxb3 Ba4 16. Qd2 Qd6 17. Nc5 Bb5 18. Nxa6 Rxa6 19. Bc5 Qd7 20. Bxb4 Re8 21. Nd4
Ba4 22. Bc5 e5 23. Nb3 d4 24. Bb4 Bxb3 25. axb3 Nd5 26. Bxd5 Qxd5 27. Qc2 Rb6
28. Qc4 Qb7 29. Bc5 Rxb3 30. h4 h5 31. Bd6 Rb2 32. Rfe1 e4 33. Bf4 Rb4 34. Qc2
e3 35. f3 Rb2 36. Qc6 Qxc6 37. Rxc6 Ra8 38. Kf1 Rb5 39. Rc4 Bf6 40. Kg2 Kg7 41.
Rc6 Ra2 42. Bh6+ Kxh6 43. Rxf6 Kg7 44. Rd6 Rbb2 45. Kf1 Rb4 46. Kg2 Rbb2 47.
Kf1 1/2-1/2

[Event "European Blitz Championship 2021"]
[Site "Katowice"]
[Date "2021.12.17"]
[Round "17.8"]
[White "Kovalenko, Igor"]
[Black "Kalogeris, Ioannis"]
[Result "1-0"]
[WhiteElo "2668"]
[BlackElo "2287"]
[Annotator "RC"]
[PlyCount "73"]
[EventDate "2021.12.17"]
[EventType "swiss"]
[EventCountry "POL"]
[SourceTitle "playchess.com"]
[Source "ChessBase"]
[SourceQuality "1"]

1. d4 Nf6 2. Nf3 d5 3. c4 c6 4. Nc3 e6 5. e3 Nbd7 6. Qc2 a6 7. b3 b5 8. c5 e5
9. Bb2 e4 10. Nd2 Ng4 11. Ndxe4 f5 12. Nd2 Qg5 13. Nf3 Qf6 14. Bd3 g6 15. h3
Nh6 16. b4 Bg7 17. a4 Rb8 18. axb5 axb5 19. Ne2 g5 20. Ra7 O-O 21. Ne5 Qe6 22.
f4 Nf7 23. Bxf5 Qxf5 24. Qxf5 Ndxe5 25. Qc2 Ng6 26. f5 Nh4 27. g4 Re8 28. Kf2
h5 29. Ng3 hxg4 30. hxg4 Nh6 31. Qd1 Bf8 32. Nh5 Be7 33. e4 dxe4 34. d5 Nf7 35.
Qd4 e3+ 36. Ke2 Bf8 37. Nf6+ 1-0

[Event "European Blitz Championship 2021"]
[Site "Katowice"]
[Date "2021.12.17"]
[Round "17.8"]
[White "Snihur, Piotr"]
[Black "Kowalczyk, Mariusz"]
[Result "1-0"]
[WhiteElo "2237"]
[BlackElo "2070"]
[Annotator "NA"]
[PlyCount "115"]
[EventDate "2021.12.17"]
[EventType "swiss"]
[EventCountry "POL"]
[SourceTitle "playchess.com"]
[Source "ChessBase"]
[SourceQuality "1"]

1. e4 d6 2. d4 c6 3. Nc3 Qc7 4. Bc4 Nf6 5. Bb3 e5 6. Nf3 Be7 7. O-O O-O 8. h3
Nbd7 9. a4 h6 10. Re1 Re8 11. a5 Nf8 12. Be3 Ng6 13. Qd2 Nh5 14. d5 c5 15. Ba4
Rf8 16. Nb5 Qd8 17. b4 a6 18. Na3 Bd7 19. Bxd7 Qxd7 20. Nc4 Rad8 21. bxc5 dxc5
22. Nfxe5 Nxe5 23. Nxe5 Qc7 24. Nc4 Bd6 25. e5 Bxe5 26. Nxe5 Qxe5 27. Bxc5 Qf5
28. Bxf8 Kxf8 29. c4 Nf4 30. Qe3 Kg8 31. Qe5 Qxe5 32. Rxe5 Rd7 33. Kh2 Nd3 34.
Re2 Nc5 35. Rae1 Kf8 36. Rb1 Rc7 37. Kg3 f6 38. f4 f5 39. Kf3 Ne4 40. Rc2 Ke7
41. Ke3 Nc5 42. Kd4 Kd6 43. Rb6+ Kd7 44. Re2 Ne4 45. g4 Nd6 46. c5 Ne4 47. gxf5
Nxc5 48. d6 Rc8 49. Kd5 Nd3 50. Rxb7+ Kd8 51. Ree7 Nxf4+ 52. Ke4 Rc4+ 53. Kf3
Nxh3 54. Rxg7 Ng5+ 55. Ke2 Re4+ 56. Kd3 Kc8 57. Rgc7+ Kd8 58. Rb8# 1-0

[Event "European Blitz Championship 2021"]
[Site "Katowice"]
[Date "2021.12.17"]
[Round "17.9"]
[White "Laurusas, Tomas"]
[Black "Kowalski, Igor"]
[Result "0-1"]
[WhiteElo "2553"]
[BlackElo "2276"]
[Annotator "ChessBase"]
[PlyCount "68"]
[EventDate "2021.12.17"]
[EventType "swiss"]
[EventCountry "POL"]
[SourceTitle "playchess.com"]
[Source "ChessBase"]
[SourceQuality "1"]

1. d4 Nf6 2. c4 g6 3. Nc3 Bg7 4. e4 d6 5. Nf3 O-O 6. Be2 e5 7. O-O Bg4 8. d5 a5
9. Be3 Na6 10. a3 Nd7 11. Rb1 Bxf3 12. Bxf3 f5 13. b4 axb4 14. axb4 f4 15. Bd2
Nf6 16. Be2 g5 17. c5 Qe8 18. c6 bxc6 19. dxc6 Qf7 20. Nd5 Nxe4 21. Bc4 Kh8 22.
Nb6 Qg6 23. Nxa8 g4 24. Bxa6 f3 25. Bd3 fxg2 26. Re1 Qf7 27. Be3 Nxf2 28. Qe2
Nh3+ 29. Kxg2 Qd5+ 30. Kg3 Rf3+ 31. Kxg4 h5+ 32. Kxh5 e4+ 33. Kh4 Bf6+ 34. Kg4
Qf5# 0-1

[Event "European Blitz Championship 2021"]
[Site "Katowice"]
[Date "2021.12.17"]
[Round "17.9"]
[White "Zgadzaj, Rafal"]
[Black "Walter, Szymon"]
[Result "0-1"]
[WhiteElo "2087"]
[BlackElo "2277"]
[Annotator "NA"]
[PlyCount "82"]
[EventDate "2021.12.17"]
[EventType "swiss"]
[EventCountry "POL"]
[SourceTitle "playchess.com"]
[Source "ChessBase"]
[SourceQuality "1"]

1. c4 Nf6 2. Nf3 g6 3. b4 Bg7 4. Bb2 O-O 5. g3 d6 6. Bg2 e5 7. d3 Qe7 8. Nbd2
c6 9. O-O Nbd7 10. a4 h5 11. Qc2 Nh7 12. b5 c5 13. a5 Rb8 14. Ne4 f5 15. Nc3
Ndf6 16. e3 g5 17. d4 cxd4 18. exd4 e4 19. Nd2 g4 20. b6 a6 21. Nd5 Nxd5 22.
cxd5 Bd7 23. Qb3 Bb5 24. Rfc1 Rbc8 25. Rxc8 Rxc8 26. Rc1 Rxc1+ 27. Bxc1 Bxd4
28. Nc4 Ng5 29. Bf4 Nf3+ 30. Bxf3 exf3 31. Ne3 Qe4 32. h4 gxh3 33. Kh2 h4 34.
Qd1 hxg3+ 35. Kxg3 Bxe3 36. fxe3 f2 37. Qh5 Qg2+ 38. Kh4 Qg7 39. Qf3 f1=Q 40.
Qxf1 Bxf1 41. Bxd6 Qg4# 0-1